| 000 | 00979nam a2200229Ia 4500 | ||
|---|---|---|---|
| 999 |
_c54684 _d54684 |
||
| 001 | 21751 | ||
| 003 | GE_BSU | ||
| 005 | 20220211170901.0 | ||
| 008 | 181216s ||||ge |||||||||||||| ||geo|| | ||
| 040 | _cGE_BSU | ||
| 041 | _ageo | ||
| 080 | _a81(479.22(092) ძ-63 | ||
| 100 |
_aძიძიგური, შოთა _913535 |
||
| 245 |
_aგიორგი ახვლედიანი : _bცხოვრება და სამეცნიერო მოღვაწეობა / _cშოთა ძიძიგური ; რედ. თ. გამყრელიძე. |
||
| 264 |
_aთბილისი : _bთბილ. უნ-ტის გამ-ბა, _c1987. |
||
| 300 |
_a81გვ. ; _c20 სმ. |
||
| 541 | _h0,30თ. | ||
| 653 | _aქართველი ენათმეცნიერები | ||
| 653 | _aქართული ენა | ||
| 700 |
_aგამყრელიძე, თ. _eრედაქტორი _93546 |
||
| 942 |
_cBK _2udc |
||